000 00944nam a2200229 a 4500
001 41435
003 BD-RjUL
005 20211209053403.0
008 160530s2013 bg ||||| |||| 00| 0 ben d
020 _a9847018201484
_c: Tk.250.00
035 _a(BD-RjUL)41553
040 _aBD-RjUL
_bben
_cBD-RjUL
041 _aben
082 _223
_a891.4415
_bHON 2013
100 _aহোসেন, মোহাম্মদ আখতার
_9121130
245 1 0 _aনজরুল ইসলামের সাহিত্য ধর্মীয় দর্শন ও রাজনৈতিক ভাবনা /
_cমহাম্মদ আখতার হোসেন
260 _aঢাকা :
_bসমাচার,
_c২০১৩
300 _a১৯২ পৃ. ;
_c২১ সেমি.
500 _aতথ্য নির্দেশিকা
600 _aNazrul Islam,
_c Kazi,
_d 1899-1976
_xCriticism and interpretation.
_9189051
942 _2ddc
_cBK
999 _c41435
_d41435